Fiscal solvency and fiscal forecasting in Europe

Salvato in:
Dettagli Bibliografici
Autore principale: Artis, Michael
Altri autori: Marcellino, Massimiliano
Natura: Libro
Lingua:inglese
Pubblicazione: San Domenico (FI) European University Institute 1998
Serie:EUI Working paper ECO No. 98/2
Soggetti:
Tags: Aggiungi Tag
Nessun Tag, puoi essere il primo ad aggiungerne!!

MARC

LEADER 00000nam a2200000 4500
001 c133311
005 20221109093502.9
041 0 |a eng 
044 |a IT 
245 1 0 |a Fiscal solvency and fiscal forecasting in Europe  |c Michael Artis and Massimiliano Marcellino 
264 1 |a San Domenico (FI)  |b European University Institute  |c 1998 
300 |a 41 s. 
490 1 |a EUI Working paper ECO  |v No. 98/2 
830 0 |a EUI Working paper ECO  |v No. 98/2 
610 2 0 |a politika fiškálna 
610 2 0 |a prognózy 
610 2 0 |a solventnosť 
610 2 0 |a stabilita hospodárstva 
610 2 0 |a futurity 
610 2 0 |a únie menové 
610 2 0 |a Európa 
100 1 |a Artis, Michael 
700 1 |a Marcellino, Massimiliano